| 000 | 00539cam a2200205 4500 | ||
|---|---|---|---|
| 001 | D2129 | ||
| 008 | 090401t1984 xxu||||| |||| 00| 0 eng d | ||
| 035 | _a(Sirsi) u67550 | ||
| 041 | _aeng | ||
| 050 | _a333.330285 | ||
| 100 | _aWhiting, Patricia M. | ||
| 245 | 4 | _aThe role of computers in general practice estate agency | |
| 260 |
_aReading _bCollege of Estate Management _c1984 |
||
| 300 | _aviii. 47p. 30cm | ||
| 350 | _a0 | ||
| 490 | _aCALUS Research Report | ||
| 710 |
_aC.A.L.U.S. _91849 |
||
| 942 | _n0 | ||
| 948 | _c04/03/1997 | ||
| 999 |
_c95027 _d95027 |
||